Five Letter Geography - B - Statistics

General Stats
  • This quiz has been taken 75 times
  • The average score is 3 of 10
Answer Stats
Hint Answer % Correct
Old Myanmar Burma
97%
Arabian market Bazar
75%
County in Africa Benin
74%
Statein India Bihar
12%
Cape Verde island Brava
4%
Indonesian volcano Bromo
3%
Island in Canada Basil
1%
River in India Betwa
1%
Sea in China Bohal
1%
Region in Nigeria Borno
1%
No matching quizzes found
Score Distribution
Percent of People with Each Score
Percentile by Number Answered
Your Score History
You have not taken this quiz